000 00339nam a22001457a 4500
008 211011b ||||| |||| 00| 0 eng d
020 _a9781572301863
041 _aeng
080 _a612.39
082 _a612.39
100 _a10
101 _aNUT
245 _aHandbook of Treatment for Eating Disorders
_cGarner,D.M
942 _2udc
_cBK
999 _c58146
_d58146